000 01218nam a2200289Ia 4500
001 dia_1111
003 CHAP
005 20230120102614.0
008 220117s1969 xx 000 0 und d
010 _a171657
040 _cCHAP
082 _aC 353.972 M49 1970
110 _aMéxico. Secretaría de la Presidencia. Comisión de Administración Pública
_977194
245 _aManual de Organización del Gobierno Federal 1969-1970 /
_c Comisión de Administración Pública, Secretaría de Presidencia
260 _aMéxico :
_b Talleres Gráficos de la Nación,
_c1969
300 _axv, 786 p.
503 _aD.
590 _aC JF1355 M49 1970
650 _aFederal government
_xMexico
_xHandbooks, manuals, etc.
_9150045
650 _aGobierno Federal
_xOrganización
_xMéxico
_xManuales
_9150046
651 _a2. México - Política y gobierno - 1970-1988 - Manuales \ 4. Mexico - Politics and government - 1970-1988 - Handbooks, manuals, etc.
_9150047
710 _aSecretaría de la Presidencia. Comisión de Administración Pública (México)
_9150048
901 _aC 353.972 M49 1970
902 _aM
905 _a5232271969 mx i 8225223322spa16
942 _cLIBRO
_2ddc
999 _c171657
_d171657